000 00640nam a2200229Ia 4500
003 OSt
005 20220926045521.0
006 a|||||r|||| 00| 0
007 ta
008 220923b |||||||| |||| 00| 0 eng d
037 _cGeneral Book
040 _aRTL
_cRTL
_beng
041 _2eng
_aeng
082 _aX71.271.N68, K8.2
110 _aORISSA,FINANCE(Deptt. of-)
_9350306
245 0 _aBudget estimates for the year 1968-69
_bDemand for grants
260 _c1968
300 _a813p
_ccm.
700 _aORISSA,FINANCE(Deptt. of-)
_9350307
942 _hX71.271.N68, K8.2
_cGB
_2CC
999 _c677802
_d677802